00517nam a2200181Ia 4500001000700000003000500007008004100012010001100053040000900064100004300073245009800116260002500214300001000239440006300249500000500312503000800317650001000325Z_4653CHAP220113s1998 xx 000 0 und d a167728 cCHAP aAgricultural and Food Research Council aResponses in the yield of milk constituents to the intake of nutrients dairy cows /cby AFRC aOxon :bCABI,c1998 a96 p. aTechnical Committee on Response to Nutrients Report no. 11 a aC/E aLeche